| 000 | 00690nam a2200217 a 4500 | ||
|---|---|---|---|
| 999 |
_c5516 _d5516 |
||
| 001 | 5516 | ||
| 003 | BD-JhCC | ||
| 005 | 20171217184712.0 | ||
| 008 | 171217b1983 bg a|||| ||a| 000 0 ben d | ||
| 035 | _a(BD-JhCC)5516 | ||
| 040 |
_aBD-JhCC _dBD-JhCC |
||
| 041 | _aben | ||
| 082 |
_a512 _bVHA 1983 |
||
| 100 | _aভট্টাচার্য, কৈলাসনাথ | ||
| 245 |
_aবীজগণিত / _cকৈলাসনাথ ভট্টাচার্য |
||
| 260 |
_aকলিকাতা : _bপশ্চিমবঙ্গ রাজ্য পুস্তক পর্ষদ, _c1983. |
||
| 300 |
_a786 p. : _c22 cm. |
||
| 650 | _aAlgebra | ||
| 942 |
_2ddc _cBK |
||